| 000 | 00454cam a2200181ua 4500 | ||
|---|---|---|---|
| 020 | _c125.00 | ||
| 041 |
_aeng _h |
||
| 082 |
_a629.22042 _bAGI/OF |
||
| 100 | _aAgeikin, I S . | ||
| 245 |
_aOff-the-road mobility of automation / _cI S Aeikin. _hTextual Documents |
||
| 250 |
_a1 / _b. |
||
| 260 |
_a : _bOxonian Press Pvt Ltd , _c1987. |
||
| 300 |
_a236 ; _eCD ROM. |
||
| 365 | _a125.00 | ||
| 504 | _a | ||
| 942 | _cBK | ||
| 999 |
_c5600 _d5600 |
||